000 00672nam a22002051i 4500
001 11417
090 _a11417
100 _a20170304u u u0frey50 ba
101 0 _apor
200 1 _fCharles E. Osho
_aIntuição
215 _a196, [4] p.
_d22 cm
300 _aExemplar nÇ 0035502 oferta de Ana Faleiro
702 1 _aVaz
_bElvira
_4730
700 1 _aOsho
_bCharles E.
_4070
210 _cSábado
_dD.L. 2006
225 2 _aO melhor de si
410 0 _tO melhor de si
996 _f0012629
_kOSH
_m00000000
_n00000000
_aBMVA
_b1
_vViana do Alentejo
_xPsicologia
_y25
_eLivro
_10
_31
996 _f0035502
_kOSH
_m00000000
_n00000000
_aBMVAAG
_b4
_vAguiar
_xPsicologia
_y25
_eLivro
_10
_31
990 _cLIVROS